Bordeří povídačky /

Hlavní autor: Mondschein, Pavel, 1978-
Další autoři: Doubravová, Alena
Jazyk: Čeština
Vydáno: Praha : Pavel Mondschein, 2017-
Vydání: Vydání první
Témata:
Fyzický popis: ^^^svazků : barevné ilustrace ; 22 cm
Odebírané svazky: 1-2
Knihy
Uloženo v:
LEADER 01679nam a2200445 ia4500
001 nkc20193156159
003 CZ PrNK
005 20191127090142.0
007 ta
008 191029m20179999xr a b 000 j cze
015 |a cnb003156159  |z cnb002933052 
020 |a 978-80-270-2606-7  |q (1 ;  |q vázáno) 
020 |a 978-80-907297-3-5  |q (2 ;  |q vázáno) 
035 |a (OCoLC)1015189718 
040 |a OLA001  |b cze  |d ABA001  |e rda 
072 7 |a 821.162.3-3  |x Česká próza  |2 Konspekt  |9 25 
072 7 |a 821-93  |x Literatura pro děti a mládež (beletrie)  |2 Konspekt  |9 26 
080 |a 821.162.3-32  |2 MRF 
080 |a 821-93  |2 MRF 
080 |a (0:82-32)  |2 MRF 
100 1 |a Mondschein, Pavel,  |d 1978-  |7 ola2017970691  |4 aut 
245 1 0 |a Bordeří povídačky /  |c Pavel Mondschein ; ilustrace Alena Doubravová 
250 |a Vydání první 
264 1 |a Praha :  |b Pavel Mondschein,  |c 2017- 
300 |a ^^^svazků :  |b barevné ilustrace ;  |c 22 cm 
336 |a text  |b txt  |2 rdacontent 
337 |a bez média  |b n  |2 rdamedia 
338 |a svazek  |b nc  |2 rdacarrier 
505 1 |a [1]. 2017. 196 stran -- 2. 2019. 201 stran 
655 7 |a české příběhy  |7 fd133973  |2 czenas 
655 7 |a publikace pro děti  |7 fd133156  |2 czenas 
655 9 |a Czech stories  |2 eczenas 
655 9 |a children's literature  |2 eczenas 
700 1 |a Doubravová, Alena  |4 ill 
910 2 |a BOA001  |b 2-1397.381  |s 1-2 
990 |a BK 
995 |a 01 
991 |b 201711  |c NOV 
996 6 |b 2610724464  |c 2-1397.381  |d 1. díl  |v 1  |l MZK  |r Sklad / do 1 hodiny  |n 0  |p p.v.  |w 001638381  |u 000010  |a 1  |e BOA001  |j MZK50  |s P 
996 6 |b 2610806522  |c 2-1397.381  |d 2. díl  |v 2  |l MZK  |r Sklad / do 1 hodiny  |n 0  |p p.v.  |w 001638381  |u 000020  |a 1  |e BOA001  |j MZK50  |s P